| 000 | 01465 a2200169 4500 | ||
|---|---|---|---|
| 003 | Nust | ||
| 005 | 20221031125612.0 | ||
| 020 | _a1556759088 | ||
| 040 | _cNust | ||
| 082 | _a510,GLO | ||
| 245 |
_aMatheMatics Workshop, _bBasic Skills 1 / _cTeacher;s Edition |
||
| 260 |
_aNew Jersy _bGlobal Book _c1989 |
||
| 300 | _a110:P | ||
| 505 | _aReading and writing whole numbers (Page-1), Reading and writing decimal(Page-3), Comparing and ordering whole numbers (Page-5), Comparing and ordering decimal (Page-7), Rounding whole numbers (Page-9), Rounding decimals (Page-11), Adding whole numbers and decimals (Page-13), Subtracting whole numbers and decimals(Page 15)Multiplying whole numbers and decimals with zeros (Page-17), Multiplying by powers and multiples of 10 (Page-19), Multiplying by a 1 digit numbers (Page-21), Multiplying by 2 and three digit multiplyers ( Page-23), Multiplying decimals by decimals (Page-29), Dividing by 1 digit divisors (Page-31), Dividing by powers and multiples by 10 (Page-33), Order of operations (Page-39), Measuring length with metric units (Page-51), Measuring capacity (Page-55), Multiplying fractions (Page-67), Adding fractions with unlike denominators (Page-81), Subtracting mixed numbers (Page-89), Customary units of weight (Page-95), Measuring time (Page-101), Reading double bar graphs (Page-105), Constructing and using pictographs (Page-109). | ||
| 650 |
_aMatheMatics Workshop _9101972 |
||
| 942 |
_2ddc _cBK _k510,GLO |
||
| 999 |
_c179756 _d179756 |
||